| 000 | 01263nam a2200133Ia 4500 | ||
|---|---|---|---|
| 008 | 220615s9999||||xx |||||||||||||| ||und|| | ||
| 020 | _a9783040000000 | ||
| 245 | 0 | _aIndoor Environment Quality and Health in Energy-Efficient Buildings | |
| 546 | _aEnglish[eng] | ||
| 650 | _aindoor air quality||thermal comfort||airtightness||natural ventilation||educational buildings||thermal insulation||sustainable materials||fique||thermal conductivity||thermogravimetry||green architecture||urban heat island||microclimate||feed-forward neural networks||air temperature measurements||in-situ measurements||urban models||urban environment||climate change||COVID-19||MgO-based cement||sustainability||energy efficiency||architecture||building evaluation||functional adequacy||human-centered||IEQ||learning space||place attachment||social interaction||social participation||sustainable building||quality air||epidemiology||data analysis||statistics||nursing homes||geopolymer||fly ash||basalt fiber||basalt waste aggregate||mechanical properties||lean manufacturing||modular construction||sustainability architecture||efficient buildings||lean construction | ||
| 700 | _aGonzález Lezcano, Roberto Alonso | ||
| 856 | _uhttps://mdpi.com/books/pdfview/book/5282 | ||
| 942 | _cEB | ||
| 999 |
_c15036 _d15036 |
||